ბათუმის შოთა რუსთაველის სახელმწიფო უნივერსიტეტის ბიბლიოთეკა

Yedi İklim Türkçe : (ბიბ.ჩანაწერი № 61629)

000 -LEADER
fixed length control field 01003nam a22002417a 4500
005 - DATE AND TIME OF LATEST TRANSACTION
control field 20240403102029.0
008 - FIXED-LENGTH DATA ELEMENTS--GENERAL INFORMATION
fixed length control field 240402s2018 tu ||||| |||| 00| 0 tur d
020 ## - INTERNATIONAL STANDARD BOOK NUMBER
International Standard Book Number 9786058217294x
041 ## - LANGUAGE CODE
Language code of text/sound track or separate title tur
080 ## - UNIVERSAL DECIMAL CLASSIFICATION NUMBER
Universal Decimal Classification number 811.512.161(075) Y-39
245 ## - TITLE STATEMENT
Title Yedi İklim Türkçe :
Remainder of title Türkçe öğretim seti. çalışma kitabı : seviye B2 /
Statement of responsibility, etc. Ibrahim Gültekin, Mahir Kalfa, İbrahim Atabey, Filiz Mete, Aydan Eryiğit, Uğur Kılıç
264 ## - PRODUCTION, PUBLICATION, DISTRIBUTION, MANUFACTURE, AND COPYRIGHT NOTICE
Place of production, publication, distribution, manufacture Ankara,
Name of producer, publisher, distributor, manufacturer Yunus Emre Enstitüsü,
Date of production, publication, distribution, manufacture, or copyright notice 2018.
300 ## - PHYSICAL DESCRIPTION
Extent 104 p.
Other physical details il.;
Dimensions 30 cm.
653 ## - INDEX TERM--UNCONTROLLED
keyword თურქული ენა
653 ## - INDEX TERM--UNCONTROLLED
keyword სამუშაო წიგნი
700 ## - ADDED ENTRY--PERSONAL NAME
Personal name Gültekin, Ibrahim
Relator term ავტორი
9 (RLIN) 21684
700 ## - ADDED ENTRY--PERSONAL NAME
Personal name Kalfa, Mahir
Relator term ავტორი
9 (RLIN) 21685
700 ## - ADDED ENTRY--PERSONAL NAME
Personal name Atabey, İbrahim
Relator term ავტორი
9 (RLIN) 21686
700 ## - ADDED ENTRY--PERSONAL NAME
Personal name Mete, Filiz
Relator term ავტორი
9 (RLIN) 21687
700 ## - ADDED ENTRY--PERSONAL NAME
Personal name Eryiğit, Aydan
Relator term ავტორი
9 (RLIN) 21688
700 ## - ADDED ENTRY--PERSONAL NAME
Personal name Kılıç, Uğur
Relator term ავტორი
9 (RLIN) 21689
942 ## - ADDED ENTRY ELEMENTS (KOHA)
Source of classification or shelving scheme
Koha item type წიგნი
ეგზემპლარები
Withdrawn status Lost status Source of classification or shelving scheme Damaged status Not for loan Permanent Location Current Location Shelving location Date acquired Cost, normal purchase price Full call number Barcode Date last seen Copy number Uniform Resource Identifier Price effective from Koha item type Public note
          ბათუმის შოთა რუსთაველის სახელმწიფო უნივერსიტეტის მთავარი ბიბლიოთეკა ბათუმის შოთა რუსთაველის სახელმწიფო უნივერსიტეტის მთავარი ბიბლიოთეკა წიგნსაცავი 2024-04-02 10.00 811.512.161(075) Y-39 67775 2024-04-02 67775 ნაჩუქარი 2024-04-02 წიგნი 10 ლ.